Disney Trivia- Letter I - Statistics

General Stats
  • This quiz has been taken 86 times
  • The average score is 5 of 8
Answer Stats
Question Answer % Correct
Fill in the blank of this Disney song title: "____ the unknown" Into
91%
Kristoff has an ____ business Ice
87%
What is the name of the parrot from Aladdin? Iago
78%
Fill in the blank from this Disney song: "on an ______ that I own, tanned and rested and alone" Island
75%
Fill in the blank from this Disney song: " unbelievable sights, __________ feelings" indescribable
62%
Fill in the blank from this Disney song title: "___ I never knew you" If
51%
This light fairy is friends with Tinkerbell Iridessa
23%
Which actress played the character Knotgrass in the 2014 film Maleficent? Imelda Staunton
10%
No matching quizzes found
Score Distribution
Percent of People with Each Score
Percentile by Number Answered
Your Score History
You have not taken this quiz